| 000 | 00429 a2200145 4500 | ||
|---|---|---|---|
| 999 |
_c3372 _d3372 |
||
| 020 | _a9781854312716 | ||
| 050 | _aKF297 INN 1989 | ||
| 100 |
_aBlackstone _eauthor |
||
| 245 |
_aAdvocacy negotiations and conference skills: _binns of court school of law / _cBlackstone |
||
| 264 |
_aLondon: _bBlackstone press ltd. _c1989 |
||
| 300 | _a428p.: | ||
| 500 | _aincludes foreword. | ||
| 650 | _aAdvocacy | ||
| 942 |
_2lcc _cBK _h297 _iINN _k1989 |
||